Конспекты уроков для учителя литературы. Ч. 1: Валерий Брюсов. Николай Гумилев. Осип Мандельштам. Василий Розанов. Игорь Северянин (Запись № 278592)

Подробности
000 -МАРКЕР
контрольное поле 02082nam2a2200313 4500
001 - ИДЕНТИФИКАТОР ЗАПИСИ
контрольное поле RU\NLR\bibl\53215
005 - ИДЕНТИФИКАТОР ВЕРСИИ
контрольное поле 20250616084751.0
010 ## - МЕЖДУНАРОДНЫЙ СТАНДАРТНЫЙ НОМЕР КНИГИ (ISBN)
Номер (ISBN) 5-691-00291-0
021 ## - НОМЕР ГОСУДАРСТВЕННОЙ РЕГИСТРАЦИИ
Код страны Российская Федерация
Номер 99-28629
Номер Листа государственной регистраци 1392
035 ## - ДРУГИЕ СИСТЕМНЫЕ НОМЕРА
Идентификатор записи (NLR Aleph) 000051919
100 ## - ДАННЫЕ ОБЩЕЙ ОБРАБОТКИ
Данные общей обработки 19991015d1999 |||y0rusy50 ca
101 0# - ЯЗЫК РЕСУРСА
Язык текста, звукозаписи и т.д. русский
102 ## - СТРАНА ПУБЛИКАЦИИ ИЛИ ПРОИЗВОДСТВА
Страна публикации Российская Федерация
105 ## - ПОЛЕ КОДИРОВАННЫХ ДАННЫХ: ТЕКСТОВЫЕ МАТЕРИАЛЫ, МОНОГРАФИЧЕСКИЕ
Кодированные данные о монографическом текстовом документе a |||||||||
200 1# - ЗАГЛАВИЕ И СВЕДЕНИЯ ОБ ОТВЕТСТВЕННОСТИ
Основное заглавие Валерий Брюсов. Николай Гумилев. Осип Мандельштам. Василий Розанов. Игорь Северянин
215 ## - ФИЗИЧЕСКАЯ ХАРАКТЕРИСТИКА
Специфическое обозначение материала и объем 216 с.
Другие сведения о физической характеристике схем.
320 ## - ПРИМЕЧАНИЯ О НАЛИЧИИ В ДОКУМЕНТЕ БИБЛИОГРАФИИ / УКАЗАТЕЛЯ
Текст примечания Библиогр. в конце тем и в подстроч. прим.
461 #0 - УРОВЕНЬ НАБОРА
Встроенное поле 001RU\NLR\bibl\55173
-- 2001#$aКонспекты уроков для учителя литературы$vЧ. 1
Системный номер (АБИС) связанной записи 289655
Место публикации М.
Дата публикации 1999
Первые сведения об ответственности [Гуманит. изд. центр ВЛАДОС
Имя издателя, распространителя и т.д. ВЛАДОС
Сведения, относящиеся к заглавию 11 кл. : Серебрян. век рус. поэзии : Метод. пособие для учителя словесности общеобразоват. шк. : [В 2 ч.]
Заглавие Конспекты уроков для учителя литературы
Номер тома Ч. 1
464 #0 - АНАЛИТИЧЕСКИЙ УРОВЕНЬ
Встроенное поле 700#1$aБрюсов$bВ. Я.$f1873-1924$gВалерий Яковлевич$4070$3RU\NLR\auth\773661
Автор Брюсов, Валерий Яковлевич (1873-1924)
464 #0 - АНАЛИТИЧЕСКИЙ УРОВЕНЬ
Встроенное поле 700#1$aГумилев$bН. С.$f1886-1921$gНиколай Степанович$4070$3RU\NLR\auth\773664
Автор Гумилев, Николай Степанович (1886-1921)
464 #0 - АНАЛИТИЧЕСКИЙ УРОВЕНЬ
Встроенное поле 700#1$aМандельштам$bО. Э.$f1891 - 1938$gОсип Эмильевич$4070$3RU\NLR\auth\77504
Автор Мандельштам, Осип Эмильевич (1891 - 1938)
464 #0 - АНАЛИТИЧЕСКИЙ УРОВЕНЬ
Встроенное поле 700#1$aРозанов$bВ. Я.$gВасилий Яковлевич$4070$3RU\NLR\auth\776806
Автор Розанов, Василий Яковлевич
464 #0 - АНАЛИТИЧЕСКИЙ УРОВЕНЬ
Встроенное поле 700#1$aСеверянин$bИ.$f1887-1941$gИгорь$4070
Автор Северянин, Игорь (1887-1941)
801 #0 - ИСТОЧНИК ЗАПИСИ
Страна Российская Федерация
Организация NLR
Дата составления 19991015
Правила каталогизации PSBO
801 #1 - ИСТОЧНИК ЗАПИСИ
Страна Российская Федерация
Организация NLR
Дата составления 19991015
852 ## - МЕСТОНАХОЖДЕНИЕ И ШИФР ХРАНЕНИЯ
Идентификатор организации NLR
Шифр хранения (Call Number) 99-5/3116
942 ## - ДОПОЛНИТЕЛЬНЫЕ ЭЛЕМЕНТЫ ЗАПИСИ (АБИС)
Тип экземпляра АБИС Книга
980 ## - КОЛЛЕКЦИЯ
Название коллекции Национальная библиография
Экземпляры
Тип экземпляра Дата поступления Источник поступления Библиотека постоянного хранения Библиотека текущего хранения Место хранения Шифр хранения Штрих-код Статус экземпляра
Книга 18.10.2004 Подсобные фонды РНБ РНБ (Садовая) РНБ (Садовая) Фонд научного зала литературы и искусства Л2 Ч426.21/К-650 1-194494